000 00631nam a2200181Ia 4500
003 GCL
008 140319s9999 xx 000 0 ara d
040 _aGCL /
_cGCL
082 0 4 _a953.0713
_bم ش
100 1 _aمحمد احمد ابوالفضل
245 1 0 _aشروق الاندلس فى العصر الاسلامى (515 - 686 هـ)\(1121 - 1287م) دراسة فى التاريخ السياسى والحضارى /
_cمحمد احمد ابوالفضل
300 _a404 ص
490 _aكتاب
_v0
650 0 4 _aالاندلس
650 0 4 _aالمرابطون
650 0 4 _aالعرب فى الاندلس
942 _2ddc
_cBK
999 _c41340
_d41340